Κατάλογος Βιβλιοθηκών Mediterranean College

Εσωτερική Παθολογία / Δέκατη Έκδοση. (Record no. 5089)

MARC details
000 -LEADER
fixed length control field 01388cam a22001934a 4500
005 - ΗΜΕΡΟΜΗΝΙΑ ΚΑΙ ΩΡΑ ΤΕΛΕΥΤΑΙΑΣ ΕΝΗΜΕΡΩΣΗΣ
Πεδίο ελέγχου 20250605164204.0
008 - FIXED-LENGTH DATA ELEMENTS--GENERAL INFORMATION
Πεδίο ελέγχου σταθερού μήκους 250528s ||||||||||||||||||||||||d
035 ## - SYSTEM CONTROL NUMBER
System control number 19843
040 ## - ΠΗΓΗ ΚΑΤΑΛΟΓΟΓΡΑΦΗΣΗΣ
Φορέας πρωτότυπης καταλογογράφησης MC Athens Campus Library
Γλώσσα καταλογογράφησης Ελληνικά, Μοντέρνα (1453-)
Modifying agency MC Athens Campus Library
Κανόνες περιγραφικής καταλογογράφησης AACR2
245 1# - ΤΙΤΛΟΣ ΚΑΙ ΔΗΛΩΣΗ ΥΠΕΥΘΥΝΟΤΗΤΑΣ
Τίτλος Εσωτερική Παθολογία / Δέκατη Έκδοση.
Number of part/section of a work Τόμος Γ'
250 ## - EDITION STATEMENT
Edition statement 10η
260 ## - PUBLICATION, DISTRIBUTION, ETC.
Name of publisher, distributor, etc. Γρηγόριος Κ. Παρισιάνος,
Date of publication, distribution, etc. 1986
300 ## - PHYSICAL DESCRIPTION
Extent 3066
520 ## - SUMMARY, ETC.
Summary, etc. Διαταραχές του Γαστρεντερικού Σωλήνα, Διαταραχες του Ηπατοχολικού Συστήματος, Διαταραχές του Παγκρέατος, Διαταραχές του Αιμοποιητικού Συστήματος, Διαταραχές των Ερυθροκυττάρων, Διαταραχές της Πήξεως, Άλλες Αιματολογικές Διαταραχές, Διαταραχές των Οστών και Μεταβολισμός των Ανόργανων Αλάτων των Οστών, Παθήσεις των Αρθρώσεων και του Συνδετικού Ιστού, Διαταραχές του Κεντρικού Νευρικού Συστήματος, Νοσήματα των Γραμμωτών Μυών, Μείζονες Ψυχιατρικές Διαταραχές.
700 1# - ΠΡΟΣΘΕΤΗ ΑΝΑΓΡΑΦΗ--ΦΥΣΙΚΟ ΠΡΟΣΩΠΟ
Personal name Harrison T. R
9 (RLIN) 6003
942 ## - ADDED ENTRY ELEMENTS (KOHA)
Koha item type Books
Holdings
Τύπος τεκμηρίου Βιβλιοθήκη Τρέχουσα τοποθεσία Barcode Αριθμός εισαγωγής Ημερομηνία απόκτησης Ταξιθετικό σύμβολο Αριθμός αντιτύπου Κατάσταση απόσυρσης Κατάσταση χαμένου Κατάσταση κατεστραμμένου Μη δανεισμός Σύνολο δανεισμών Ημερομηνία τελευταίας εμφάνισης Χρονολογία τελευταίου δανεισμού Η τιμή ισχύει από
Books MC Athens Campus Library MC Athens Campus Library 9780000050885 5947 05/06/2025 REF 616 HAR V.C 1         1 23/12/2025 19/12/2025 05/06/2025

MC Athens Campus Library
Πατησίων 94 & Κοδριγκτώνος 13, 104 34
Πελλήνης 8 & Πατησίων 107, 112 51
Τ: +30 210 8899600

MC Thessaloniki Campus Library
Ίωνος Δραγούμη 21, 54625 | Ίωνος Δραγούμη 15, 54625
Τ: +30 2310 287779 – Τ: +30 2314 440300